Men, management, and mental health /

Bibliographic Details
Main Author: Levinson, Harry
Format: Book
Language:English
Published: Cambridge : Harvard University Press, 1962.
Subjects:

MARC

Tag First Indicator Second Indicator Subfields
LEADER 00000cam a2200000 4500
001 in00000238821
005 20151009084854.0
008 720202s1962 maua b 00010 eng
010 |a  62019218  
035 |a (OCoLC)00232390 
035 |9 ABA1406AM 
040 |c DLC  |d TXA  |d UtOrBLW 
049 |a TXAM  |c [352892] 
050 0 |a HD4904  |b .L43 
082 0 |a 658.3 
100 1 |a Levinson, Harry. 
245 1 0 |a Men, management, and mental health /  |c [by] Harry Levinson [and others]. 
264 1 |a Cambridge :  |b Harvard University Press,  |c 1962. 
300 |a 205 pages :  |b illustrations ;  |c 22 cm. 
336 |a text  |b txt  |2 rdacontent 
337 |a unmediated  |b n  |2 rdamedia 
338 |a volume  |b nc  |2 rdacarrier 
504 |a Includes bibliography. 
650 0 |a Psychology, Industrial. 
650 0 |a Personnel management. 
650 0 |a Mental health. 
650 2 |a Mental Health. 
650 2 |a Personnel Management. 
650 2 |a Psychology, Industrial. 
999 |a MARS 
999 f f |s 120528fc-cecd-30e6-8c7b-84dcb3530aa3  |i 0b7f3569-ea7f-37ed-b55c-354df853a1b8  |t 0 
952 f f |p ric  |a Texas A&M University  |b Rellis Campus  |c Joint Library Facility  |d Remote Storage  |t 0  |e HD4904 .L43  |h Library of Congress classification  |i unmediated -- volume  |m A14802675824 
998 f f |a HD4904 .L43  |t 0  |l Remote Storage